Statystyki dla Pięć najmniej zaludnionych krajów według kontynentu.

Kliknij tutaj aby rozwiązać quiz!

Ogólne statystyki

  • Ten quiz został rozwiązany 9 533 razy
  • Średni wynik to 16 z 30

Statystyki odpowiedzi

KontynentRatioPaństwo% Poprawnych
Azja2.56Rosja (część Azjatycka)
84%
Europa28.1Rosja (część Europejska)
84%
Ameryka Północna3.78Kanada
81%
Oceania3.32Australia
79%
Ameryka Północna34.8Stany Zjednoczone
76%
Europa16.7Norwegia
75%
Europa16.4Finlandia
74%
Europa22.4Szwecja
74%
Oceania17.8Nowa Zelandia
73%
Ameryka Południowa16.3Argentyna
69%
Azja1.92Mongolia
69%
Europa3.31Islandia
68%
Ameryka Południowa10.6Boliwia
62%
Azja6.81Kazachstan
62%
Ameryka Południowa17.5Paragwaj
61%
Ameryka Południowa3.66Gujana
57%
Ameryka Południowa3.58Surinam
56%
Oceania19.3Papua Nowa Gwinea
47%
Afryka3.91Libia
44%
Azja16.2Arabia Saudyjska
40%
Afryka4.51Mauretania
36%
Ameryka Północna50.8Nikaragua
35%
Oceania25.2Vanuatu
34%
Oceania23.8Wyspy Salomona
33%
Ameryka Północna17.3Belize
32%
Afryka3.08Namibia
31%
Azja12.4Turkmenistan
29%
Ameryka Północna28.2Bahamy
27%
Afryka4.04Botswana
23%
Afryka8.32Gabon
11%

Rozkład punktacji

Percentyl według liczby udzielonych odpowiedzi

Procent ludzi z każdym wynikiem

Twoja historia wyników

Nie rozwiązałeś tego quizu